000 01279nam a2200169 4500
001 13832
005 20250313110102.0
010 _a9782842609658
090 _a13832
099 _o0
100 _a20250313d u||y0frey50 ba
200 _aEspèces Disparues ?
_bLIVR
214 _cEditions Théâtrales
_d2025
323 _aindéfini
330 _aDans un futur proche, les émotions comme l'esprit critique ont été interdits : place au confort ! Un groupe d'humains visite en avant-première le Centre international des espèces disparues : du dodo de l'île Maurice au dauphin blanc, ils s'extasient devant ces reliques d'un monde oublié. Jusqu'à un curieux hominidé qui leur semble familier et ravive peu à peu souvenirs et émotions, provoquant des craintes de contamination au sein du groupe. Stéphane Jaubertie livre une comédie grinçante qui pointe joyeusement les travers de notre société et les menaces qui pèsent sur nos démocraties. Grâce à un humour féroce et un vrai sens du rythme, ce texte offre à des interprètes multiples une matière à jouer jubilatoire, une plongée dans un univers théâtral qui interroge notre avenir.
610 _aDistopie
_aSocialisme
_aHumour
_aPolitique
_aSociété
_aAvenir
_aCapitalisme
_aLIbéralisme
700 _aJaubertie
_bStéphane